000 00405nab a22001217u 4500
008 130520b2001 xxu||||| |||| 00| 0 eng d
041 _aeng
100 1 _aHansen, Bart
_947764
245 0 0 _aCloning: The Human as Created Co-Creator?
_cBart Hansen, Paul T. Schotsmans
700 1 _aSchotsmans, Paul T.
_912221
773 0 _tEthical Perspectives
_gV.8, nº2,2001,págs. 75-87
_x1370-0049
_wRev202
942 _cAR
999 _c299580
_d299580